Právna pomoc a občianska spoločnosť
Občianska spoločnosť potrebuje pre svoju existenciu zakotvenie v právnom systéme a účinné kontrolné mechanizmy. Význam právnej pomoci pre občiansku spoločnosť. Ochrana práva, ochrana práv. Právna pomoc. Konštatovanie, že problematika občianskej spoločnosti je na Slovensku v sociológii rozpracovaná n...
Salvato in:
| Autore principale: | |
|---|---|
| Natura: | Capitolo di libro |
| Lingua: | slovacco |
| Soggetti: | |
| Tags: |
Nessun Tag, puoi essere il primo ad aggiungerne!!
|
MARC
| LEADER | 00000naa a2200000 4500 | ||
|---|---|---|---|
| 001 | r048659 | ||
| 005 | 20230929070933.3 | ||
| 041 | 0 | |a slo | |
| 044 | |a SK | ||
| 245 | 1 | 0 | |a Právna pomoc a občianska spoločnosť |c Silvia Capíková |
| 520 | |a Občianska spoločnosť potrebuje pre svoju existenciu zakotvenie v právnom systéme a účinné kontrolné mechanizmy. Význam právnej pomoci pre občiansku spoločnosť. Ochrana práva, ochrana práv. Právna pomoc. Konštatovanie, že problematika občianskej spoločnosti je na Slovensku v sociológii rozpracovaná na porovnateľnej úrovni ako v zahraničí. | ||
| 610 | 2 | 0 | |a spoločnosť občianska |
| 610 | 2 | 0 | |a právo |
| 610 | 2 | 0 | |a ochrana právna |
| 610 | 2 | 0 | |a legislatíva |
| 610 | 2 | 0 | |a kontrola |
| 610 | 2 | 0 | |a ochrana práv občanov |
| 610 | 2 | 0 | |a Slovensko |
| 100 | 1 | |a Capíková, Silvia | |